| LEADER 00000nam 2200000uu 4500 |
| 001 13399115995 |
| 003 BCNR |
| 008 120418s2554||||th 000 0 tha d |
| 020 ^a9789740328124
|
| 041 0 ^atha
|
| 060 04 ^aWE883^bพ987ร 2554
|
| 100 0 ^aไพรัช ประสงค์จีน
|
| 245 10 ^aโรคเท้าในเด็ก =^bPediatric foot diformity /^cโดย ไพรัช ประสงค์จีน
|
| 246 31 ^aPediatric foot diformity
|
| 250 ^aพิมพ์ครั้งที่ 1
|
| 260 ^aกรุงเทพฯ :^bโรงพิมพ์แห่งจุฬาลงกรณ์มหาวิทยาลัย,^c2554
|
| 300 ^a883 หน้า :^bภาพประกอบ ;^c26 ซม.
|
| 504 ^aมีบรรณานุกรมท้ายบทและดัชนีท้ายเล่ม
|
| 650 7 ^aเท้า^xโรค
|
| 650 7 ^aเท้าผิดรูป
|
| 650 7 ^aเด็ก^xโรค
|
| 650 7 ^aเท้า, โรค^xในวัยทารกและเด็ก
|
| 710 2 ^aจุฬาลงกรณ์มหาวิทยาลัย. ^bคณะแพทยศาสตร์.^bภาควิชาออร์โธปิดิกส์
|
| 999 ^aบรรณารักษ์
|